Statistics for Biggest Second-Biggest Cities

Click here to take the quiz!

General Stats

  • This quiz has been taken 51 times
    (17 since last reset)
  • The average score is 22 of 25

Answer Stats

PopulationContinentCity% Correct
5,700,000AfricaAlexandria
100%
4,975,000AsiaAnkara
100%
4,725,000EuropeBarcelona
100%
3,900,000AsiaHanoi
100%
17,800,000North AmericaLos Angeles
100%
4,850,000OceaniaMelbourne
100%
4,250,000North AmericaMontreal
100%
24,700,000AsiaMumbai
100%
4,225,000EuropeNaples
100%
17,700,000AsiaOsaka
100%
13,100,000South AmericaRio de Janeiro
100%
5,600,000EuropeSaint Petersburg
100%
35,900,000AsiaShanghai
100%
4,125,000AsiaBusan
93%
5,250,000North AmericaGuadalajara
93%
12,600,000AsiaLahore
93%
3,950,000South AmericaMedellín
93%
4,175,000AfricaCape Town
86%
4,825,000AsiaChittagong
79%
4,775,000AsiaJeddah
79%
4,550,000AfricaKano
79%
5,000,000EuropeCologne/Düsseldorf
71%
6,850,000AsiaBandung
64%
3,150,000AsiaIsfahan/Mashhad
64%
3,250,000AfricaDouala
43%

Score Distribution

Percentile by Number Answered

Percent of People with Each Score

Your Score History

You have not taken this quiz since the last reset